000 00686cam a22002413a 4500
001 4283
003 PGUSA
005 20140828083051.0
008 030701s2003||||xxu|||||s|||||000 | eng d
040 _aPGUSA
_beng
042 _adc
050 4 _aBV
100 1 _aRay, T. B.
_q(T. Bronson),
_d1868-1934
245 1 0 _aBrazilian Sketches
_h[electronic resource] /
_cT. B. Ray
260 _bProject Gutenberg,
_c2003
506 _aPublic domain in the USA.
516 _aElectronic text
653 _aBaptists -- Missions -- Brazil
653 _aBrazil -- Description and travel
830 0 _aProject Gutenberg
_v4283
856 4 0 _uhttp://www.gutenberg.org/ebooks/4283
942 _cEB
999 _c233612
_d233612